000
00308nam a2200133Ia 4500
008
230818s1986 xx 000 0 und d
041
_a
eng
100
_a
Pelczar
245
_a
Microbiology
260
_b
Mc Grawhill Pub.
_c
1986
300
_a
918p
520
_a
General | Hard Board
999
_c
853802
_d
853802
650
_a
Food Safety